Matemáticas para administración y economía (Registro nro. 4896)

Detalles MARC
000 -LEADER
fixed length control field 01077 a2200241 4500
001 - CONTROL NUMBER
control field 49825
005 - DATE AND TIME OF LATEST TRANSACTION
control field 20260407155759.0
008 - FIXED-LENGTH DATA ELEMENTS--GENERAL INFORMATION
fixed length control field 260407a2002 arg spa d
003 - CONTROL NUMBER IDENTIFIER
control field AR-UNSa-BCEJYS
040 ## - CATALOGING SOURCE
Original cataloging agency AR-UNSa-BCEJYS
Language of cataloging spa
Transcribing agency AR-UNSa-BCEJYS
080 ## - UNIVERSAL DECIMAL CLASSIFICATION NUMBER
Universal Decimal Classification number 512
Common auxiliary subdivision Algebra
020 ## - INTERNATIONAL STANDARD BOOK NUMBER
International Standard Book Number 970-686-120-3
041 ## - LANGUAGE CODE
Language code of text/sound track or separate title spa
100 1# - MAIN ENTRY--PERSONAL NAME
Personal name Tan, Soo Tang
245 10 - TITLE STATEMENT
Title Matemáticas para administración y economía
250 ## - EDITION STATEMENT
Edition statement 2a. ed.
264 #1 - PRODUCTION, PUBLICATION, DISTRIBUTION, MANUFACTURE, AND COPYRIGHT NOTICE
Place of production, publication, distribution, manufacture México :
Name of producer, publisher, distributor, manufacturer International Thomson Editores
Date of production, publication, distribution, manufacture, or copyright notice 2002
300 ## - PHYSICAL DESCRIPTION
Extent xii, 992 p.
Dimensions 26 cm.
505 ## - FORMATTED CONTENTS NOTE
Formatted contents note 1. Fundamentos de álgebra – 2. Funciones y sus gráficas – 3. Funciones exponenciales y logarítmicas – 4. Matemáticas financieras – 5. Sistemas de ecuaciones lineales y matrices – 6. Programación lineal – 7. Conjuntos y probabilidades – 8. Derivada – 9. Aplicaciones de la derivada – 10. Integración – 11. Cálculo multivariable.
590 ## - LOCAL NOTE (RLIN)
Local note niveau_biblio:m niveau_hierar:0
856 41 - ELECTRONIC LOCATION AND ACCESS
Uniform Resource Identifier <a href="https://www.biblioeco.unsa.edu.ar/pmb/images/libros/L128203.jpg">https://www.biblioeco.unsa.edu.ar/pmb/images/libros/L128203.jpg</a>
Link text Imagen de portada
Electronic format type image/jpeg
942 ## - ADDED ENTRY ELEMENTS (KOHA)
Koha item type
Existencias
Withdrawn status Lost status Damaged status Not for loan Home library Current library Shelving location Date acquired Total checkouts Full call number Barcode Date last seen Price effective from Koha item type
        Biblioteca Prof. Eusebio Cleto del Rey Biblioteca Prof. Eusebio Cleto del Rey   07/04/2026   512 T161 2ed. L128203 07/04/2026 07/04/2026 Libro